Capitals Beginning with N - Statistics

General Stats
  • This quiz has been taken 521 times
    508 since last reset
  • The average score is 6 of 10
Answer Stats
Capital % Correct
Nairobi
79%
Niamey
69%
New Delhi
64%
Nassau
61%
Nouakchott
59%
Nicosia
57%
Nay Pyi Daw
56%
N'Djamena
56%
Nuku' alofa
50%
Ngerulmud
41%
No matching quizzes found
Score Distribution
Percent of People with Each Score
Percentile by Number Answered
Your Score History
You have not taken this quiz since the last reset